| 000 | 00385cam a22001217a 4500 | ||
|---|---|---|---|
| 008 | 180718b1988 xxu||||| |||| 00| 0 eng d | ||
| 082 | _aA75 Ut8BAS | ||
| 245 |
_aUttar Pradesh district gazetteers: Basti _cedited by Kailash Narain Pande |
||
| 260 |
_aLucknow _bDepartment of District Gazetteers _c1988 |
||
| 300 | _a282p. | ||
| 650 | _aBasti - Gazetteers | ||
| 700 | _aPande, Kailash Narain | ||
| 999 |
_c486557 _d486557 |
||